Les Arts par Images - Statistiques

Statistiques générales
  • Ce quiz a été pris 160 fois
  • Le résultat moyen est 9 sur 10
Statistiques - réponses
Par images Réponse % Correct
Musique
100%
Arts de la scène
99%
Arts Visuels
99%
Architecture
97%
Cinéma
96%
Arts médiatiques
95%
Sculpture
92%
Littérature
88%
Bande dessinée
80%
Jeu vidéo
63%
Aucun quiz correspondant
Distribution des résultats
% des personnes avec chaque résultat
Percentile par nombre de réponses
Votre historique - résultats
Vous n’avez pas pris ce quiz